South Carolina Counties by Population - Statistics

General Stats
  • This quiz has been taken 79 times
  • The average score is 35 of 46
Answer Stats
Population County % Correct
413,024 Charleston
100%
533,834 Greenville
100%
335,864 Spartanburg
100%
300,137 Lexington
96%
418,307 Richland
96%
365,579 Horry
92%
170,776 Aiken
88%
191,748 Beaufort
88%
236,701 Berkeley
88%
136,504 Florence
88%
288,595 York
88%
206,908 Anderson
85%
163,327 Dorchester
85%
82,962 Orangeburg
85%
132,229 Pickens
85%
104,758 Sumter
85%
67,803 Laurens
81%
69,241 Greenwood
77%
100,336 Lancaster
77%
79,203 Oconee
77%
63,921 Georgetown
73%
66,130 Kershaw
73%
7,858 Allendale
69%
13,189 Bamberg
69%
56,052 Cherokee
69%
32,209 Chester
69%
31,024 Clarendon
69%
38,462 Colleton
69%
62,755 Darlington
69%
28,087 Dillon
69%
9,760 McCormick
69%
37,996 Newberry
69%
14,165 Calhoun
65%
43,268 Chesterfield
65%
26,153 Edgefield
65%
20,690 Fairfield
65%
30,324 Jasper
65%
16,280 Lee
65%
28,784 Marion
65%
26,382 Marlboro
65%
18,821 Saluda
65%
27,016 Union
65%
30,484 Williamsburg
65%
20,580 Barnwell
62%
18,180 Hampton
62%
24,299 Abbeville
58%
No matching quizzes found
Score Distribution
Percent of People with Each Score
Percentile by Number Answered
Your Score History
You have not taken this quiz